000
00300nam a22001337a 4500
008
180914b xxu||||| |||| 00| 0 eng d
020
_a
9780130842558
041
_a
eng
080
_2
3 ED
_a
331
100
_a
59
101
_a
BUS
245
_a
Business Essentials
_c
Ebert.R.J
942
_2
udc
_c
BK
999
_c
47823
_d
47823